zpět

Detail výsledku týmu

Lidové sady, Liberec

Datum a čas kvízu

37 Celkem bodů Celkový počet nahraných bodů na tomto kvízu bez doplňovacích otázek.
5. Pořadí na kvízu Konečné umístění týmu na tomto kvízu.

Zaznamenané odpovědi

# Otázka Odpověď Body Výsledky
1. Tramvaje Dopravního podniku hl... NATO 1
2. Dvaaosmdesátiletý prezident Ab... Alžírsko 1
3. Ve finské Heinole se koná MS v... Žár 0
4. Od 11. do 17. března proběhl n... Týden mozku 0
5. V minulých dnech bylo oznámeno... do Saúdské Arábie 1
1. Začneme seriály Breaking Bad (... metamfetamin 1
2. Seriál The Crown, popisující ž... na území Řecka 1
3. V seriálu Boardwalk Empire ovl... Atlantic City 1
4. Herečku Robin Wrightovou, jedn... Forrest Gump 1
5. Jak se jmenuje český herec, da... Aleš Háma 0